| 000 | 00555nam a22001817a 4500 | ||
|---|---|---|---|
| 999 |
_c9153 _d9153 |
||
| 008 | 210325b ||||| |||| 00| 0 eng d | ||
| 040 | _aBMS College of Architecture | ||
| 100 | _aS, Shruthi | ||
| 245 | _aSchool of Contemporary dance in Kengeri satellite town Bangalore | ||
| 300 | _aNA | ||
| 500 | _a1BM05AT045 | ||
| 502 |
_8B.Arch _NBMS College of Architecture, Visvesvaraya Technological University _aProject report _d2011 |
||
| 650 | _aSchool | ||
| 650 | _aKengeri | ||
| 700 |
_aK Manjula _eGuide |
||
| 700 |
_aPushpa D _eGuide |
||
| 942 |
_2ddc _cTHE |
||